Statistics for тест на аниме

Click here to take the quiz!

General Stats

  • This quiz has been taken 4 837 times
  • The average score is 8 of 12

Answer Stats

QuestionAnswer% Correct
В какой стране зародилось развитие жанр аниме?Япония
97%
Какая часть тела персонажей подвергается особенно тщательной прорисовке, что является одним из отличительных признаков аниме?глаза
91%
Лайт Ягами, он является главным героем анимеТетрадь Смерти
87%
что за личность Наруто?Ниндзя
83%
Какое известное аниме было снято по мотивам видеоигры?"Покемон"
82%
Какой философский вопрос поднимает серия аниме-фильмов "Тетрадь смерти"?"Может ли убийство быть благом?"
81%
В каком аниме-фильме был использован образ русской избушки на курьих ножках?"Ходячий замок"
80%
Как называют жанр аниме, повествующий о сложных механизмах и гигантских роботах?меха
65%
О чём повествует аниме-сериал "Стальной алхимик"?о похождениях двух братьев в техногенном мире
53%
Через сколько лет умирает человек получивший одного из Девяти титанов?13
39%
Каким именем назвался Луффи в боях гладиаторов в Колизее Корриды?Луффи
34%
Назовите аниме-сериал, известный многим советским детям."Приключения пчёлки Майи"
11%

Score Distribution

Percentile by Number Answered

Percent of People with Each Score

Your Score History

You have not taken this quiz